Fhransishak Luyij Gomish. (Record no. 98694)
[ view plain ]
| 000 -LEADER | |
|---|---|
| fixed length control field | 00537nam a2200205Ia 4500 |
| 003 - CONTROL NUMBER IDENTIFIER | |
| control field | OSt |
| 005 - DATE AND TIME OF LATEST TRANSACTION | |
| control field | 20260521161940.0 |
| 008 - FIXED-LENGTH DATA ELEMENTS--GENERAL INFORMATION | |
| fixed length control field | 210210b1984 xxu||||| |||| 00| 0 eng d |
| 040 ## - CATALOGING SOURCE | |
| Transcribing agency | AL |
| 041 ## - LANGUAGE CODE | |
| Language code of text/sound track or separate title | Konkani |
| 082 ## - DEWEY DECIMAL CLASSIFICATION NUMBER | |
| Classification number | 891.468 GOMF |
| 100 ## - MAIN ENTRY--PERSONAL NAME | |
| Personal name | GOMES (Olivinho). |
| 9 (RLIN) | 264243 |
| 245 ## - TITLE STATEMENT | |
| Title | Fhransishak Luyij Gomish. |
| 260 ## - PUBLICATION, DISTRIBUTION, ETC. | |
| Place of publication, distribution, etc. | Goy. |
| Name of publisher, distributor, etc. | Konkani Saraspat Prakashan., |
| Date of publication, distribution, etc. | 1984 |
| 300 ## - PHYSICAL DESCRIPTION | |
| Extent | 74 |
| 650 ## - SUBJECT ADDED ENTRY--TOPICAL TERM | |
| Topical term or geographic name entry element | Francisco Luís Gomes (1829–1869) |
| 9 (RLIN) | 264245 |
| 690 ## - LOCAL SUBJECT ADDED ENTRY--TOPICAL TERM (OCLC, RLIN) | |
| Topical term or geographic name as entry element | Konkani Miscellaneous |
| 9 (RLIN) | 264244 |
| 906 ## - LOCAL DATA ELEMENT F, LDF (RLIN) | |
| a | 050073 |
| 942 ## - ADDED ENTRY ELEMENTS (KOHA) | |
| Source of classification or shelving scheme | Dewey Decimal Classification |
| Koha item type | Book |
| Withdrawn status | Lost status | Source of classification or shelving scheme | Damaged status | Not for loan | Collection code | Home library | Current library | Shelving location | Date acquired | Cost, normal purchase price | Total Checkouts | Full call number | Barcode | Date last seen | Price effective from | Koha item type |
|---|---|---|---|---|---|---|---|---|---|---|---|---|---|---|---|---|
| Dewey Decimal Classification | Konkani | St Aloysius Library | St Aloysius Library | Secondary stack section | 02/17/2021 | 11.00 | 891.468 GOMF | 050073 | 02/17/2021 | 02/17/2021 | Book |